Catálogo - Centro de Recursos para el Aprendizaje y la Investigación

Volver al Sitio - CRAI Biblioteca

Jornada de capacitación verano 2016 : (Registro nro. 113847)

Detalles MARC
000 -CABECERA
campo de control de longitud fija 01190nam a2200217 4500
001 - NÚMERO DE CONTROL
campo de control 113847
003 - IDENTIFICADOR DEL NÚMERO DE CONTROL
campo de control DR-UNIBE
005 - FECHA Y HORA DE LA ÚLTIMA TRANSACCIÓN
campo de control 20250708151142.0
008 - DATOS DE LONGITUD FIJA--INFORMACIÓN GENERAL
campo de control de longitud fija 250708b2016 dr ||||| |||| 00| 0 spa d
040 ## - FUENTE DE LA CATALOGACIÓN
Centro catalogador/agencia de origen BIBLIOTECA UNIBE
Lengua de catalogación spa
Centro/agencia transcriptor BIBLIOTECA UNIBE
Normas de descripción rda
041 ## - CÓDIGO DE LENGUA
Código de lengua del texto/banda sonora o título independiente spa
082 ## - NÚMERO DE LA CLASIFICACIÓN DECIMAL DEWEY
Número de edición 22
Número de clasificación RD 371.1 R426j
110 10 - ENTRADA PRINCIPAL--NOMBRE DE ENTIDAD CORPORATIVA
Nombre de entidad corporativa o nombre de jurisdicción como elemento de entrada República Dominicana. Ministerio de Educación (MINERD). Dirección General de Educación Primaria
9 (RLIN) 197120
Término indicativo de función/relación autor
245 10 - MENCIÓN DE TÍTULO
Título Jornada de capacitación verano 2016 :
Resto del título juntos y juntas construimos con alegría la escuela que soñamos /
Mención de responsabilidad, etc. Ministerio de Educación (MINERD). Dirección General de Educación Primaria
260 ## - PUBLICACIÓN, DISTRIBUCIÓN, ETC.
Lugar de publicación, distribución, etc. Santo Domingo :
Nombre del editor, distribuidor, etc. Ministerio de Educación (MINERD),
Fecha de publicación, distribución, etc. 2016
300 ## - DESCRIPCIÓN FÍSICA
Extensión 93 páginas :
Otras características físicas ilustraciones a color ;
Dimensiones 27 x 21 cm
505 ## - NOTA DE CONTENIDO CON FORMATO
Nota de contenido con formato Presentación |<br/>Procesos formativos para la preparación del nuevo año escolar 2016-2017 |<br/>Orientaciones generales para el desarrollo de la jornada de capacitación |<br/>Cronograma general jornada en centros educativos y microcentros |<br/>Anexos
650 #7 - PUNTO DE ACCESO ADICIONAL DE MATERIA--TÉRMINO DE MATERIA
Fuente del encabezamiento o término lemb
Término de materia o nombre geográfico como elemento de entrada Docentes
Subdivisión general Capacitación
9 (RLIN) 197168
700 10 - PUNTO DE ACCESO ADICIONAL--NOMBRE DE PERSONA
Nombre de persona Montás D´Oleo, Bertha Marcily
9 (RLIN) 196779
Término indicativo de función/relación diseñador
-- diagramador
942 ## - ELEMENTOS DE PUNTO DE ACCESO ADICIONAL (KOHA)
Fuente del sistema de clasificación o colocación Sistema de Clasificación Decimal Dewey
Tipo de ítem Koha Libro (general)
Existencias
Estado de retiro Estado de pérdida Fuente del sistema de clasificación o colocación No para préstamo Código de colección Localización permanente Fecha de adquisición Total de préstamos Signatura topográfica completa Código de barras Fecha visto por última vez Número de copia Precio válido a partir de Tipo de ítem Koha
  Disponible Sistema de Clasificación Decimal Dewey   General - Libros dominicanos Biblioteca Central UNIBE 07/05/2025   RD 371.1 R426j 250682 08/07/2025 Ej. 1 08/07/2025 Libro (general)
  Disponible Sistema de Clasificación Decimal Dewey   General - Libros dominicanos Biblioteca Central UNIBE 07/05/2025   RD 371.1 R426j 250683 08/07/2025 Ej. 1 08/07/2025 Libro (general)